[Event "Muenster op"]
[Site "Muenster"]
[Date "1991.??.??"]
[Round "7"]
[White "Kalinitschew, Sergey"]
[Black "Kaspi, Alexander"]
[Result "1-0"]
[WhiteElo "2430"]
[BlackElo "2390"]

1.d4 Nf6 2.Nf3 e6 3.c4 b6 4.g3 Ba6 5.b3 Bb4+ 6.Bd2 Be7 7.Bg2 c6 8.Bc3 d5
9.Nbd2 O-O 10.O-O Nbd7 11.Re1 c5 12.e4 Nxe4 13.Nxe4 dxe4 14.Rxe4 Bb7 15.Re3 cxd4
16.Nxd4 Bxg2 17.Kxg2 Qc7 18.Qf3 Rac8 19.Rd1 a6 20.Nf5 Bf6 21.Rxd7 Qxd7 22.Nh6+ Kh8
23.Qxf6 e5 24.Bxe5  1-0

[Event "Munich"]
[Site "Munich"]
[Date "1991.??.??"]
[Round "10"]
[White "Huebner, Robert"]
[Black "Lobron, Eric"]
[Result "1/2-1/2"]
[WhiteElo "2620"]
[BlackElo "2545"]

1.d4 Nf6 2.c4 e6 3.Nf3 b6 4.g3 Ba6 5.Nbd2 Bb4 6.Qc2 Bb7 7.Bg2 Be4 8.Qd1 O-O
9.O-O Bxd2 10.Qxd2 d6 11.b3 Nbd7 12.Bb2 a5 13.Nh4 Bxg2 14.Nxg2 a4 15.Qc2 c5
16.Ne3 cxd4 17.Bxd4 axb3 18.axb3 Qc7 19.Rfd1 Rfc8 20.Bxf6 Nxf6 21.Qd3 Rxa1
22.Rxa1 h6 23.h4 Qc5 24.Rd1  1/2-1/2

[Event "Oostende op"]
[Site "Oostende"]
[Date "1991.??.??"]
[Round "5"]
[White "Antonsen, Mikkel"]
[Black "Arkell, Keith C"]
[Result "1/2-1/2"]
[WhiteElo "2325"]
[BlackElo "2455"]

1.d4 Nf6 2.c4 e6 3.Nf3 b6 4.g3 Ba6 5.b3 b5 6.cxb5 Bxb5 7.Bg2 c5 8.O-O Be7
9.Ne5 d5 10.Nc3 Ba6 11.Ba3 cxd4 12.Bxe7 Qxe7 13.Qxd4 O-O 14.Rfe1 Nbd7 15.Nxd7 Qxd7
16.e4 dxe4 17.Qxd7 Nxd7 18.Nxe4 Rac8 19.Rac1 Nb6 20.a4 Rxc1 21.Rxc1 Nd5 22.Nd6 Rd8
23.Bxd5 exd5 24.Rc6 Bd3 25.b4 d4 26.f4 Kf8 27.Kf2 Rd7 28.Nc8 Ke8 29.Rd6 a6
30.Ke1 Bc2 31.Rxa6 Kd8 32.Nb6 Re7+ 33.Kd2 Be4 34.Nc4 d3 35.Nd6 Bg2 36.Nf5 Re4
37.Ne3 Rxb4 38.Kxd3 Bb7 39.Rd6+ Kc7 40.Rd4 Rb3+ 41.Kd2 Bc6  1/2-1/2

[Event "Paris-ch"]
[Site "Paris"]
[Date "1991.??.??"]
[Round "7"]
[White "Bouland, Stephane"]
[Black "Khariton, Lev"]
[Result "0-1"]
[WhiteElo "2250"]
[BlackElo "2250"]

1.d4 Nf6 2.Nf3 e6 3.c4 b6 4.g3 Ba6 5.Qa4 c6 6.Bg2 Be7 7.O-O O-O 8.Qc2 d5
9.b3 Nbd7 10.Rd1 Rc8 11.Ne5 c5 12.Nxd7 Qxd7 13.dxc5 Bxc5 14.Qd2 Qe7 15.cxd5 exd5
16.e3 Rfd8 17.Bb2 Ne4 18.Bxe4 dxe4 19.Qe1 Rd3 20.Rxd3 exd3 21.a3 Qe6 22.Nd2 Bb7
23.Rc1 a5 24.Rc3 Rd8 25.Rc4 h5 26.b4 axb4 27.axb4 Qh3 28.Qf1 Qxf1+ 29.Kxf1 Ba6
30.Rh4 Bf8 31.Ke1 Rc8 32.Kd1 Rc2 33.Ba3 Bb5 34.Rd4 Ra2 35.Bc1 Ba4+ 36.Ke1 Ra1
37.Rc4 Bc2 38.Rxc2 dxc2 39.Nb3 Bxb4+ 40.Ke2 Rb1 41.Kd3 Rxb3+  0-1

[Event "Podolsk"]
[Site "Podolsk"]
[Date "1991.??.??"]
[Round "?"]
[White "Zaitsev, Igor A"]
[Black "Savon, Vladimir A"]
[Result "1/2-1/2"]
[WhiteElo "2405"]
[BlackElo "2460"]

1.d4 Nf6 2.c4 e6 3.Nf3 b6 4.g3 Ba6 5.b3 Bb7 6.Bg2 Bb4+ 7.Bd2 c5 8.O-O O-O
9.Bg5 cxd4 10.Qxd4 Nc6 11.Qd2 h6 12.Bf4 d5 13.Rd1 Re8 14.a3 Bf8 15.Nc3 Qe7
16.cxd5 exd5 17.Be3 Rad8 18.b4 g6 19.Bd4 Nxd4 20.Nxd4 Bg7 21.e3 Ng4 22.Qe2 Nf6
23.Rac1 Ne4 24.Nxe4 dxe4 25.Nc6 Rxd1+ 26.Qxd1 Bxc6 27.Rxc6 Rd8 28.Qc2 Rd3
29.h4 Rxa3 30.Bxe4 Rc3 31.Rxc3 Bxc3 32.b5 Be5 33.Kg2 Kg7 34.Bf3 h5 35.Qd3 Bd6
36.Bd5 Bc5 37.Qc4 Qf6 38.Qe4 Qe7 39.Qf4 Bd6 40.Qd4+ Be5 41.Qd3 Bd6 42.Bb3 Bc5
43.Qc4 Qb7+ 44.e4 Qd7 45.e5 Qb7+ 46.f3 Qd7 47.Qf4 Qe7 48.Qe4 Qd7 49.Qf4 Qf5
50.Qxf5 gxf5 51.Bd5 Bd4 52.f4 Bc5 53.Kf3 Bd4 54.Bc6 Bc5 55.Bd7 Kg6 56.Be8 Kg7  1/2-1/2

[Event "Podolsk"]
[Site "Podolsk"]
[Date "1991.??.??"]
[Round "?"]
[White "Nikolaev, Sergej"]
[Black "Savon, Vladimir A"]
[Result "1/2-1/2"]
[WhiteElo "2430"]
[BlackElo "2460"]

1.d4 Nf6 2.c4 e6 3.Nf3 b6 4.g3 Ba6 5.b3 Bb7 6.Bg2 Bb4+ 7.Bd2 a5 8.O-O O-O
9.a3 Bxd2 10.Nbxd2 c5 11.Qc2 Nc6 12.e3 Qe7 13.Qb2 Rab8 14.Rfd1 Rfc8 15.Rac1 d6
16.Nb1 cxd4 17.exd4 Na7 18.b4 axb4 19.axb4 Bxf3 20.Bxf3 d5 21.Nd2 Nc6 22.b5 Qb4
23.Qxb4 Nxb4 24.cxd5 Nfxd5 25.Ne4 Kf8 26.Nd6  1/2-1/2

[Event "Podolsk"]
[Site "Podolsk"]
[Date "1991.??.??"]
[Round "?"]
[White "Kiselev, Sergey"]
[Black "Savon, Vladimir A"]
[Result "1/2-1/2"]
[WhiteElo "2510"]
[BlackElo "2460"]

1.d4 Nf6 2.c4 e6 3.Nf3 b6 4.g3 Ba6 5.b3 Bb7 6.Bg2 Bb4+ 7.Bd2 c5 8.O-O O-O
9.Bxb4 cxb4 10.a3 bxa3 11.b4 Nc6 12.b5 Na5 13.Nxa3 a6 14.bxa6 Rxa6 15.Qd3  1/2-1/2

[Event "Podolsk"]
[Site "Podolsk"]
[Date "1991.??.??"]
[Round "?"]
[White "Kiselev, Sergey"]
[Black "Terterians, Vladimir"]
[Result "1-0"]
[WhiteElo "2510"]
[BlackElo "2395"]

1.d4 Nf6 2.Nf3 e6 3.c4 b6 4.g3 Ba6 5.b3 d5 6.Bg2 Be7 7.O-O O-O 8.Qc2 c6 9.Nbd2 Nbd7
10.e4 dxe4 11.Nxe4 b5 12.Nxf6+ Bxf6 13.c5 e5 14.Bb2 e4 15.Nd2 b4 16.Nc4 Re8
17.Rfe1 Qc7 18.Bxe4 g6 19.Rad1 Rad8 20.Bc1 Nf8 21.Bf4 Qd7 22.Ne5 Bxe5 23.dxe5 Qc8
24.Rd6 Bb5 25.Red1 Ne6 26.Be3 Qc7 27.R1d2 Ng7 28.f4 Ne6 29.Qd1 a5 30.f5 gxf5
31.Bxf5 Rxd6 32.cxd6 Qd8 33.Qh5 Nf8 34.d7  1-0

[Event "Porz op26"]
[Site "Porz"]
[Date "1991.??.??"]
[Round "5"]
[White "Roeder, Mathias"]
[Black "Aseev, Konstantin N"]
[Result "1/2-1/2"]
[WhiteElo "2435"]
[BlackElo "2525"]

1.d4 Nf6 2.c4 e6 3.Nf3 b6 4.g3 Ba6 5.b3 Bb4+ 6.Bd2 Be7 7.Bg2 d5 8.cxd5 exd5
9.O-O O-O 10.Bf4 Bb7 11.Nc3 Na6 12.Qc2 Re8 13.Rfd1 Qd7 14.Qb2 Ne4 15.Rac1 f6
16.a3 Nxc3  1/2-1/2

[Event "Ptuj"]
[Site "Ptuj"]
[Date "1991.??.??"]
[Round "10"]
[White "Baumgartner, Heinz"]
[Black "Kurajica, Bojan"]
[Result "1/2-1/2"]
[WhiteElo "2345"]
[BlackElo "2520"]

1.Nf3 Nf6 2.d4 e6 3.c4 b6 4.g3 Ba6 5.b3 d5 6.Bg2 Bb4+ 7.Bd2 Be7 8.cxd5 exd5
9.O-O O-O 10.Bf4 Bb7 11.Nc3 Na6 12.Ne5 h6 13.Rc1  1/2-1/2

[Event "JUG-Cup final"]
[Site "Pula"]
[Date "1991.??.??"]
[Round "5"]
[White "Bukic, Enver"]
[Black "Rajkovic, Dusan"]
[Result "1/2-1/2"]
[WhiteElo "2440"]
[BlackElo "2495"]

1.d4 Nf6 2.c4 e6 3.Nf3 b6 4.g3 Ba6 5.b3 b5 6.cxb5 Bxb5 7.Bg2 Bb4+ 8.Bd2 a5
9.a3 Bxd2+ 10.Qxd2 Bc6 11.O-O Qc8 12.Nc3 Qb7  1/2-1/2

[Event "Schellenberg op"]
[Site "Schellenberg"]
[Date "1991.??.??"]
[Round "6"]
[White "Jakob, Simon"]
[Black "Podlesnik, Bogdan"]
[Result "0-1"]
[WhiteElo "2230"]
[BlackElo "2360"]

1.d4 Nf6 2.Nf3 e6 3.c4 b6 4.g3 Ba6 5.b3 d5 6.Bg2 dxc4 7.Ne5 Bb4+ 8.Kf1 Bd6
9.Nxc4 Nd5 10.Bf3 Nc6 11.Kg2 b5 12.Nxd6+ cxd6 13.Bb2 O-O 14.e4 Nde7 15.d5 exd5
16.exd5 Ne5 17.Bxe5 dxe5 18.d6 Nf5 19.Qd3 Nd4 20.Bxa8 Qxa8+ 21.f3 b4 22.Qe3 Nc2
23.Qd2 Nxa1 24.d7 e4 25.Rd1 Bd3 26.Kf2 Rd8 27.fxe4 Bxe4 28.Qxb4 Nc2 29.Qe7 a5
30.Nc3 Bc6 31.Rd6 Bh1 32.Ke2 Nb4 33.a3 Nc6 34.Qg5 h6 35.Qf5 Qb8 36.Nb5 Na7  0-1

[Event "SLO-ch"]
[Site "SLO"]
[Date "1991.??.??"]
[Round "?"]
[White "Sifrer, Darko"]
[Black "Crepan, Marjan"]
[Result "1-0"]
[WhiteElo "2355"]
[BlackElo "2340"]

1.d4 Nf6 2.c4 e6 3.Nf3 b6 4.g3 Ba6 5.Nbd2 d6 6.Bg2 Nbd7 7.O-O Rb8 8.b3 Be7
9.Bb2 Qc8 10.Re1 O-O 11.e4 Rd8 12.Qc2 Nf8 13.a4 N6d7 14.d5 Bf6 15.Bh3 c6
16.Bxf6 gxf6 17.dxc6 Qxc6 18.Nd4 Qc5 19.Nb5 Qh5 20.Bg2 Ne5 21.Qd1 Qh6 22.Nf3 Nfg6
23.Nfd4 Kh8 24.f4 Nxf4 25.gxf4 Qxf4 26.Nf3 Rg8 27.Nxe5 dxe5 28.Kh1 Rbd8 29.Qf3 Bxb5
30.axb5 Qxf3 31.Bxf3 Rd3  1-0

[Event "SLO-ch"]
[Site "SLO"]
[Date "1991.??.??"]
[Round "?"]
[White "Tratar, Marko"]
[Black "Podlesnik, Bogdan"]
[Result "0-1"]
[WhiteElo "2340"]
[BlackElo "2375"]

1.d4 Nf6 2.c4 e6 3.Nf3 b6 4.g3 Ba6 5.b3 d5 6.cxd5 exd5 7.Bg2 Bb4+ 8.Bd2 Bxd2+
9.Nbxd2 Qe7 10.Ne5 Qb4 11.Nf3 Qe7 12.Ne5 Qb4 13.Nf3 O-O 14.O-O Qd6 15.Re1 Re8
16.Ne5 c5 17.e3 Bb7 18.Rc1 Na6 19.f4 Rad8 20.g4 Nd7 21.g5 Nxe5 22.dxe5 Qe7
23.Qg4 Nb4 24.Rcd1 a5 25.e4 Qe6 26.Qg3 Nc2 27.Rf1 d4 28.Nc4 Ba6 29.Bh3 Qc6
30.Nd6 Bxf1 31.Nxe8 Rxe8 32.Bxf1 Qxe4 33.Bb5 Rd8 34.e6 Qxe6 35.Qh4 Qe3+ 36.Kg2 Qe4+
37.Kg1 Ne3 38.Rd2 Nf5 39.Qg4 Qe1+  0-1

[Event "Tatran Cup"]
[Site "Stary Smokovec"]
[Date "1991.??.??"]
[Round "3"]
[White "Plachetka, Jan"]
[Black "Stohl, Igor"]
[Result "1/2-1/2"]
[WhiteElo "2470"]
[BlackElo "2555"]

1.d4 Nf6 2.Nf3 e6 3.c4 b6 4.g3 Ba6 5.b3 Bb4+ 6.Bd2 Be7 7.Bg2 c6 8.O-O d5
9.Qc2 O-O 10.Bf4 Nbd7 11.Nbd2 Nh5 12.Rfe1 Rc8 13.Qb2 Nxf4 14.gxf4 dxc4 15.Nxc4 c5
16.Nfe5 Bxc4 17.bxc4 cxd4 18.Nc6 Qe8 19.Nxa7 Rxc4 20.Rac1 Rxc1 21.Rxc1 Bc5
22.Nc6 e5 23.fxe5 Nxe5 24.Nxd4 Qe7 25.Rd1 Rd8 26.e3  1/2-1/2

[Event "SWE-ch"]
[Site "SWE"]
[Date "1991.??.??"]
[Round "15"]
[White "Setterqvist, Kurt"]
[Black "Wiedenkeller, Michael"]
[Result "1/2-1/2"]
[WhiteElo "2335"]
[BlackElo "2455"]

1.Nf3 Nf6 2.c4 e6 3.d4 b6 4.g3 Ba6 5.Nbd2 c5 6.Bg2 Bb7 7.O-O cxd4 8.Nxd4 Bxg2
9.Kxg2 Be7 10.b3 O-O 11.Bb2 Qc8 12.N2f3 a6 13.e3 Qb7 14.Qe2 d6 15.Rfd1 Nbd7
16.Kg1 Nc5 17.Rac1 Rfd8 18.b4 Nce4 19.a3 e5 20.Nb3 Rac8 21.Nbd2 Rc7 22.Nxe4 Nxe4
23.Rc2 Rdc8 24.Rdc1 Qc6 25.Ne1 Qd7 26.f3 Nf6 27.e4 Qe6 28.Ng2  1/2-1/2

[Event "Sydney Cepacol"]
[Site "Sydney"]
[Date "1991.??.??"]
[Round "4"]
[White "Adianto, Utut"]
[Black "Gedevanishvili, Dmitry"]
[Result "1-0"]
[WhiteElo "2470"]
[BlackElo "2400"]

1.d4 Nf6 2.Nf3 e6 3.c4 b6 4.g3 Ba6 5.b3 Bb4+ 6.Bd2 Be7 7.Nc3 c6 8.e4 d5 9.Qc2 dxe4
10.Nxe4 Nbd7 11.Bg2 O-O 12.O-O Rc8 13.Rad1 b5 14.c5 Nxe4 15.Qxe4 b4 16.Rfe1 Nf6
17.Qc2 Nd5 18.Ne5 Bb5 19.h4 a5 20.h5 Rc7 21.a4 Ba6 22.Be4 h6 23.Qc1 Bg5 24.f4 Bf6
25.Bb1 Bxe5 26.dxe5 f5 27.exf6 Qxf6 28.Re5 Rd7 29.Qc2 Nc7 30.Be3 Rxd1+ 31.Qxd1 Rd8
32.Qf3 Rd5 33.Be4 Rd7 34.Bxc6 Rd3 35.Bb5 Nxb5 36.axb5 Bxb5 37.c6 Qd8 38.Rxb5 Rd1+
39.Kg2 Qd3 40.c7  1-0

[Event "Tel Aviv-B"]
[Site "Tel Aviv"]
[Date "1991.??.??"]
[Round "3"]
[White "Sindik, Ervin"]
[Black "Tsesarsky, Ilya"]
[Result "1/2-1/2"]
[WhiteElo "2365"]
[BlackElo "2440"]

1.d4 Nf6 2.Nf3 e6 3.c4 b6 4.g3 Ba6 5.Nbd2 Bb7 6.Bg2 c5 7.O-O cxd4 8.Nxd4 Bxg2
9.Kxg2 Qc7 10.b3 Be7 11.Bb2 a6 12.Rc1 O-O 13.e3 d6 14.Qf3 Ra7 15.Rfd1 Rc8
16.Ne4 Nbd7 17.Nxf6+ Bxf6 18.Ba3 Be7 19.Rd2 h6 20.Rcd1 Ne5 21.Qh5 b5 22.f4 Nc6
23.Nxc6 Qxc6+ 24.Qf3 bxc4 25.Qxc6 Rxc6 26.bxc4 Rd7 27.c5 d5 28.e4 Rdc7  1/2-1/2

[Event "URS-sf"]
[Site "Voronezh"]
[Date "1991.??.??"]
[Round "?"]
[White "Lisik, Valery"]
[Black "Poluljahov, Aleksandr"]
[Result "1/2-1/2"]
[WhiteElo "2485"]
[BlackElo "2360"]

1.d4 Nf6 2.Nf3 e6 3.c4 b6 4.g3 Ba6 5.b3 d5 6.cxd5 exd5 7.Bg2 Bb4+ 8.Bd2 Be7
9.O-O O-O 10.Nc3 Bb7 11.Bg5 Nbd7 12.Rc1 c5 13.dxc5 Bxc5 14.Qd3 h6 15.Bxf6 Nxf6
16.Rfd1 Qe7 17.Nd4 Rfe8 18.e3 Ne4 19.Rc2 Qf6 20.Na4 Rad8 21.Qe2 Qg5 22.Bxe4 dxe4
23.Nxc5 bxc5 24.Nb5 Rd3 25.Rdc1 c4 26.bxc4 Qc5 27.Nd4 Bc8 28.Rc3 Rxc3 29.Rxc3 h5
30.Qb2 Ba6 31.Qa3 Qxa3 32.Rxa3 Bxc4 33.Rxa7 Rb8 34.h4 Rb1+ 35.Kg2 g6 36.a4 Ra1
37.a5 Bf1+ 38.Kh2 Ra2 39.Kg1 Bd3 40.Kg2 Ra1 41.g4 hxg4 42.Nb3 Ra2 43.Nc5 Kg7
44.Ne6+ Kf6 45.Ng5 Bc4 46.Nxe4+ Ke5 47.Re7+ Be6 48.Ng5 Rxa5 49.Nxe6 fxe6
50.Rf7 Ra4 51.Kg3 Rb4 52.Rd7 Ra4 53.Rd1 Rb4 54.Re1 Ra4 55.Re2 Re4 56.Ra2 Kf6
57.Ra6 Rb4 58.Rd6 Ra4  1/2-1/2

[Event "Vrnjacka Banja"]
[Site "Vrnjacka Banja"]
[Date "1991.??.??"]
[Round "6"]
[White "Huzman, Alexander"]
[Black "Kaspi, Alexander"]
[Result "1-0"]
[WhiteElo "2475"]
[BlackElo "2390"]

1.d4 Nf6 2.Nf3 b6 3.c4 e6 4.g3 Ba6 5.Qb3 Nc6 6.Nbd2 Na5 7.Qa4 Bb7 8.Bg2 c5
9.dxc5 bxc5 10.O-O Be7 11.Rd1 O-O 12.Nb3 Nxb3 13.Qxb3 Qb6 14.Ne5 Bxg2 15.Kxg2 Rfd8
16.Bg5 Qc7 17.Ng4 Rab8 18.Qf3 Qb7 19.b3 Qxf3+ 20.Kxf3 Kf8 21.Nxf6 Bxf6 22.Bxf6 gxf6
23.Rd6 Rb6 24.Rad1 Ke7 25.Rxb6 axb6 26.Kg4 Rg8+ 27.Kh5 d5 28.Kh6 d4 29.b4 f5
30.bxc5 bxc5 31.Rb1 Kf6 32.a4 Ra8 33.Ra1 e5 34.a5 Ra6 35.Kxh7 Kg5 36.Kg7 Kg4
37.h4 f4 38.gxf4 exf4 39.Ra3 Kxh4 40.Kxf7 f3 41.Rxf3 Rxa5 42.Ke6 Ra2 43.Kd5 Rxe2
44.Kxc5 Kg4 45.Rd3 Rxf2 46.Rxd4+ Kf5 47.Kd6  1-0

[Event "Zuerich op"]
[Site "Zuerich"]
[Date "1991.??.??"]
[Round "2"]
[White "Nemet, Ivan"]
[Black "Sutter, Oliver"]
[Result "1-0"]
[WhiteElo "2450"]
[BlackElo "2250"]

1.d4 Nf6 2.Nf3 e6 3.c4 b6 4.g3 Ba6 5.Nbd2 c5 6.Bg2 Bb7 7.e4 cxd4 8.e5 Ng4
9.O-O Nc6 10.Re1 Qb8 11.h3 Nh6 12.Ne4 Nxe5 13.Nxe5 Qxe5 14.Bf4 Qf5 15.Bxh6 gxh6
16.Qxd4 f6 17.g4 Qg6 18.Nxf6+ Ke7 19.Qxd7+  1-0

[Event "Zug"]
[Site "Zug"]
[Date "1991.??.??"]
[Round "1"]
[White "Giertz, Niklaus"]
[Black "Summermatter, Daniel"]
[Result "0-1"]
[WhiteElo "2225"]
[BlackElo "2320"]

1.d4 Nf6 2.c4 e6 3.Nf3 b6 4.g3 Ba6 5.b3 Bb4+ 6.Bd2 Be7 7.Bg2 c6 8.Bc3 Ne4
9.Bb2 Bb4+ 10.Nfd2 Nxd2 11.Nxd2 d5 12.O-O O-O 13.Rc1 f5 14.a3 Be7 15.b4 Bb7
16.Qb3 Nd7 17.Nf3 Re8 18.Rfd1 b5 19.cxb5 cxb5 20.Ne5 Nb6 21.Nd3 Bg5 22.Rc2 Re7
23.Nc5 Bc6 24.Bc1 Bf6 25.Bf4 Nc4 26.Rd3 a5 27.Bd2 a4 28.Qa2 g5 29.f4 h6 30.Bc1 Kh8
31.Rd1 Qd6 32.e3 Rg8 33.Kh1 Rh7 34.Rc3 h5 35.Bd2 h4 36.Be1 Be8 37.Bf3 Bh5
38.Qe2 Bxf3+ 39.Qxf3 Qe7 40.Bf2 g4 41.Qe2 Rg6 42.Kg2 Rgh6 43.Bg1 Qe8 44.Rf1 hxg3
45.hxg3 Rh1  0-1

[Event "Ajka op"]
[Site "Ajka"]
[Date "1992.??.??"]
[Round "7"]
[White "Burmakin, Vladimir"]
[Black "Kogan, Artur"]
[Result "1-0"]
[WhiteElo "2375"]
[BlackElo "2350"]

1.d4 Nf6 2.Nf3 e6 3.c4 b6 4.g3 Ba6 5.Qa4 c6 6.Bg2 b5 7.cxb5 cxb5 8.Qb3 Nc6
9.O-O Be7 10.Ne5 Rc8 11.Nxc6 dxc6 12.Rd1 O-O 13.a3 Qb6 14.Nc3 Rfd8 15.Be3 Nd5
16.Bd2 Nxc3 17.bxc3 c5 18.Be3 c4 19.Qc2 Qa5 20.h4 Rd7 21.d5 Qa4 22.Qxa4 bxa4
23.dxe6 Rxd1+ 24.Rxd1 fxe6 25.Bxa7 Bb5 26.Ra1 Bf6 27.Rb1 Be8 28.Bh3 Rc6 29.Rb8 Kf7
30.Bg2 Rc7 31.Bb6 Rd7 32.Rc8 Rd1+ 33.Kh2 Bb5 34.Rc7+ Rd7 35.Rc5 Ba6 36.Ra5 Bb7
37.Ra7 Bc8 38.Rxa4 Rd6 39.Be3 Bd7 40.Rxc4 Ra6 41.Rc7 Ke8 42.Bd4 Rxa3 43.Bxf6 gxf6
44.Bc6 Bxc6 45.Rxc6 Kd7 46.Rc4 Ra2 47.Re4 f5 48.Re3 Kd6 49.f4 h5 50.Kg2 Rc2
51.Kf2 Rc1 52.Rd3+ Kc5 53.Rd7 Rxc3 54.Rh7 Kd5 55.Rxh5 Rc7 56.Rh8 Rg7 57.Kf3 Kd6
58.h5 Ke7 59.h6 Rf7 60.g4 fxg4+ 61.Kxg4 Kf6 62.e4 e5 63.fxe5+ Kxe5 64.Kg5 Kxe4
65.Re8+ Kd5 66.Kg6  1-0

[Event "Simferopol/Alushta"]
[Site "Alushta"]
[Date "1992.??.??"]
[Round "?"]
[White "Lerner, Konstantin Z"]
[Black "Savon, Vladimir A"]
[Result "0-1"]
[WhiteElo "2530"]
[BlackElo "2420"]

1.d4 Nf6 2.c4 e6 3.Nf3 b6 4.g3 Ba6 5.b3 Bb7 6.Bg2 Bb4+ 7.Bd2 c5 8.O-O O-O
9.Bc3 a5 10.a3 cxd4 11.Bxd4 Be7 12.Nc3 Na6 13.Qc2 d5 14.Rfd1 Rc8 15.Qb2 Nc5
16.cxd5 exd5 17.Bh3 Ne6 18.Be5 Qe8 19.Rac1 Rc6 20.a4 Qa8 21.Nb5 Rxc1 22.Rxc1 Nc5
23.Nfd4 Bc8 24.Bg2 Be6 25.Nc7 Qb7 26.Ncxe6 fxe6 27.Bh3 Kf7 28.f3 Re8 29.Nb5 Qd7
30.Kf1 Bf8 31.Rc3 Kg8 32.Re3 Qf7 33.Nc7 Re7 34.Bd6 Rxc7 35.Bxc5 Bxc5 36.Bxe6 Bxe3
37.Bxf7+ Kxf7 38.Qe5 Re7 39.Qf5 g6 40.Qc8 Kg7 41.Qc6 Bc5 42.g4 d4 43.h4 Nd7
44.g5 Ne5 45.Qd5 d3 46.f4 Ng4 47.Qxd3 Ne3+ 48.Ke1 Ng2+ 49.Kd1 Nxf4 50.Qc3+ Kg8
51.Qc4+ Rf7 52.Qe4 Kf8 53.Qe5 Kg8 54.Kc2 h5 55.Qe4 Kh7 56.Kc3 Nh3 57.Qd5 Re7
58.e4 Nf4 59.Qc6 Ng2 60.Qf6 Nxh4 61.Qf1  0-1

[Event "Wch U26"]
[Site "Antwerp"]
[Date "1992.??.??"]
[Round "1"]
[White "San Segundo, Pablo"]
[Black "Herrera, Miguel"]
[Result "1/2-1/2"]
[WhiteElo "2425"]
[BlackElo "2250"]

1.d4 Nf6 2.c4 e6 3.Nf3 b6 4.g3 Ba6 5.b3 Bb7 6.Bg2 Bb4+ 7.Bd2 a5 8.O-O O-O
9.Nc3 Re8 10.Qc2 Na6 11.Rad1 h6 12.Rfe1 d5 13.Ne5 Qe7 14.cxd5 exd5 15.Qf5 Qe6
16.Qxe6 Rxe6 17.Nd3 Rae8 18.Nf4 Rd6 19.Nb5 Rdd8 20.a3 Bf8 21.Bc1 Ne4 22.f3 Ng5
23.e3 c6 24.Nc3 Nc7 25.Na4 Nb5 26.Nxb6 Nxa3 27.Re2 Bb4 28.Na4 Ba6 29.Ra2 Nb5
30.Rc2 Na7 31.Kf2 Ne6 32.Nxe6 Rxe6 33.Nc5 Bxc5 34.Rxc5 Bb5 35.Bd2 f5 36.h4 Rde8
37.Bh3 g6 38.Ra1 h5 39.Rxa5 Nc8 40.Rc1 Nd6 41.Bf1 Rf6 42.Bxb5 Nxb5 43.Ra6 Rc8
44.Ke2 Rc7 45.Rb6 Na7 46.Kd3 Kf7 47.Rb8 Ke6 48.Ba5 Rd7 49.Bb6 Kf7 50.Ra8 Nb5
51.Rc8 Rdd6 52.Bc7 Nxc7 53.Rxc7+ Ke8 54.Ra1 Rd7 55.Ra8+ Ke7 56.Rxd7+ Kxd7
57.b4 Kc7 58.Ra7+ Kb6 59.Re7 Kb5 60.Rb7+ Ka6 61.Rb8 Re6 62.b5+ cxb5 63.Rd8 b4
64.Rxd5 b3 65.Rd8 Ka7 66.Rd7+ Kb8 67.Rd8+ Kb7 68.Rd7+ Kb8 69.Rd8+  1/2-1/2

[Event "Akropolis"]
[Site "Athens"]
[Date "1992.??.??"]
[Round "5"]
[White "Mastrokoukos, Georgios"]
[Black "Skembris, Spyridon"]
[Result "1/2-1/2"]
[WhiteElo "2330"]
[BlackElo "2530"]

1.d4 Nf6 2.c4 e6 3.Nf3 b6 4.g3 Ba6 5.b3 Bb4+ 6.Bd2 Be7 7.Bg2 c6 8.Bc3 Ne4
9.Bb2 d5 10.O-O Nd7 11.Nfd2 f5 12.Nxe4 dxe4 13.f3 exf3 14.Bxf3 Qc7 15.d5 O-O-O
16.dxe6 Ne5 17.Qc2 Nxf3+ 18.Rxf3 Bb7 19.Rxf5 Qd6 20.Nc3 Qxe6 21.Qe4 Qg6 22.Raf1 Rhe8
23.Re5 Bc5+ 24.Kg2 Bd4 25.Qxg6 hxg6 26.Rxe8 Rxe8 27.Rf7 Re3 28.Rf8+ Kd7 29.Rf7+ Kc8
30.Rf8+ Kd7 31.Rf7+ Kc8  1/2-1/2

[Event "Bad Woerishofen op"]
[Site "Bad Woerishofen"]
[Date "1992.??.??"]
[Round "7"]
[White "Staller, Peter"]
[Black "Sokolov, Andrei"]
[Result "0-1"]
[WhiteElo "2360"]
[BlackElo "2565"]

1.d4 Nf6 2.Nf3 e6 3.c4 b6 4.g3 Ba6 5.b3 Bb7 6.Bg2 Bb4+ 7.Bd2 a5 8.O-O O-O
9.Nc3 Ne4 10.Nxe4 Bxe4 11.d5 c6 12.Nh4 Bxg2 13.Nxg2 cxd5 14.cxd5 Na6 15.e4 Qf6
16.Be3 Nc5 17.f3 a4 18.Bd4 e5 19.Bb2 a3 20.Bc1 Bc3 21.Rb1 Rfc8 22.Qe2 Nb7
23.Ne3 Nd6 24.Nc2 b5 25.Kh1 b4 26.Ne3 Qd8 27.Bd2 Qb6 28.Rfc1 Qd4 29.Bxc3 Rxc3
30.Rxc3 Qxc3 31.Nd1 Qc5 32.Nf2 Nb5 33.Qd2 Rc8 34.Rd1 Qd4 35.Qxd4 Nxd4 36.Nd3 Nxf3
37.Nxb4 Kf8 38.d6 Nd4 39.Nd3 f6 40.Rd2 Rc6 41.Nb4 Rxd6 42.Kg2 Ke7 43.Kf2 Ke6
44.g4 g6 45.Rd3 Rb6 46.Nd5 Rc6 47.Ne3 Rc1 48.b4 Nb5 49.Nd5 f5 50.gxf5+ gxf5
51.exf5+ Kxf5 52.Ne3+ Ke4 53.Rxd7 Rb1 54.Nf1 Rb2+ 55.Nd2+ Kf5 56.Ke3 Rxa2
57.Rxh7 Rb2 58.Rh8 Rxb4 59.Rf8+ Ke6 60.Ra8 Kd5 61.Kd3 Rh4 62.Rd8+ Kc5 63.Re8 Rh3+
64.Kc2 Nd4+ 65.Kc1 Rxh2 66.Ne4+ Kd5 67.Nf6+ Kc4  0-1

[Event "Beersheba"]
[Site "Beersheba"]
[Date "1992.??.??"]
[Round "4"]
[White "Tseitlin, Mark D"]
[Black "Chernin, Alexander"]
[Result "0-1"]
[WhiteElo "2440"]
[BlackElo "2620"]

1.d4 Nf6 2.c4 e6 3.Nf3 b6 4.g3 Ba6 5.Nbd2 Bb7 6.Bg2 c5 7.O-O cxd4 8.Nb3 Be7
9.Nbxd4 a6 10.b3 O-O 11.Bb2 d6 12.Rc1 Nbd7 13.a3 Rc8 14.b4 Rc7 15.Qb3 Qa8
16.Bh3 Re8 17.Rfd1 Bf8 18.Qe3 h6 19.b5 Qc8 20.Nd2 d5 21.cxd5 Nxd5 22.Qb3 Nc5
23.Qc2 Qd7 24.Nc4 Rec8 25.Ne5 Qe8 26.a4 Nd7 27.Ndc6 axb5 28.axb5 Nxe5 29.Bxe5 Bxc6
30.Bxc7 Ba8 31.Rxd5 Bxd5 32.Qb2 Bc5 33.Be5 Ra8 34.Bxg7 Ba3 35.Qf6 Bxc1 36.Bh8 Qf8
37.Qd4 Bg5 38.e4 Bxe4 39.Qxe4 Kxh8 40.Bf1 Rd8 41.f4 Be7  0-1

[Event "Beersheba"]
[Site "Beersheba"]
[Date "1992.??.??"]
[Round "12"]
[White "Alterman, Boris"]
[Black "Chernin, Alexander"]
[Result "1/2-1/2"]
[WhiteElo "2515"]
[BlackElo "2620"]

1.d4 Nf6 2.c4 e6 3.Nf3 b6 4.g3 Ba6 5.b3 Bb4+ 6.Bd2 Be7 7.Bg2 c6 8.Bc3 d5
9.Ne5 Nfd7 10.Nxd7 Nxd7 11.Nd2 O-O 12.O-O Rc8 13.e4 c5 14.exd5 exd5 15.dxc5 dxc4
16.c6 cxb3 17.Re1 Bb5 18.axb3 a5  1/2-1/2

[Event "Belgrade IKO"]
[Site "Belgrade"]
[Date "1992.??.??"]
[Round "3"]
[White "Levin, Felix"]
[Black "Shipov, Sergei"]
[Result "0-1"]
[WhiteElo "2475"]
[BlackElo "2490"]

1.d4 Nf6 2.c4 e6 3.Nf3 b6 4.g3 Ba6 5.b3 d5 6.Bg2 dxc4 7.Ne5 Bb4+ 8.Kf1 Bd6
9.Nd2 Bxe5 10.dxe5 Ng4 11.h3 Nxe5 12.Bxa8 c3 13.Bg2 c5 14.Qc2 cxd2 15.Qxd2 Qc7
16.Bb2 O-O 17.Qc3 f6 18.Qe3 Qd6 19.Kg1 Nbc6 20.Kh2 Nd4 21.Rhd1 Rd8 22.Rac1 h5
23.f4 Ng6 24.Bxd4 cxd4 25.Rc6 dxe3 26.Rdxd6 Rxd6 27.Rxd6 e5 28.Bd5+  0-1

[Event "Benidorm op"]
[Site "Benidorm"]
[Date "1992.??.??"]
[Round "3"]
[White "Hebden, Mark"]
[Black "Langeweg, Kick"]
[Result "1/2-1/2"]
[WhiteElo "2500"]
[BlackElo "2405"]

1.d4 Nf6 2.Nf3 e6 3.c4 b6 4.g3 Ba6 5.b3 Bb4+ 6.Bd2 Be7 7.Bg2 d5 8.cxd5 exd5
9.O-O O-O 10.Nc3 Bb7 11.Ne5 Na6 12.Rc1 Re8 13.Bf4 h6 14.Qd3 c5 15.Qf5 cxd4
16.Nb5 Bc5 17.Nf3 Rxe2 18.Nfxd4 Rxa2 19.Be5 Ne4 20.h4 Qe7 21.Nc3 Rd2 22.Nxe4 dxe4
23.Bxe4 Bxe4 24.Qxe4 Re8 25.Nf3 Ra2 26.Qg4 f6 27.Bd4 Qe4 28.Qh5 Bxd4 29.Rce1 Re2
30.Rxe2 Qxe2 31.Qd5+ Qe6 32.Qxe6+ Rxe6 33.Nxd4 Re7 34.Rc1 Rc7 35.Ra1 Nc5
36.b4 Nd3 37.b5 Rc4 38.Nc6 Rc2 39.Rxa7 Nxf2 40.Ne7+ Kf8 41.Ng6+ Kg8 42.h5 Ne4
43.Ne7+ Kf8 44.Nf5 Rb2 45.g4 Ng5 46.Rxg7  1/2-1/2

[Event "Berliner Sommer"]
[Site "Berlin"]
[Date "1992.??.??"]
[Round "?"]
[White "Aseev, Konstantin N"]
[Black "Chuchelov, Vladimir"]
[Result "1-0"]
[WhiteElo "2550"]
[BlackElo "2490"]

1.d4 Nf6 2.c4 e6 3.Nf3 b6 4.g3 Ba6 5.b3 Bb4+ 6.Bd2 Be7 7.Bg2 Bb7 8.O-O O-O
9.Nc3 d5 10.Ne5 Nbd7 11.cxd5 exd5 12.Nd3 Ne4 13.Rc1 c5 14.Be3 Rc8 15.Bh3 Ng5
16.Bg2 Ne4 17.dxc5 bxc5 18.Nxe4 dxe4 19.Qd2 Nf6 20.Rfd1 Qb6 21.Nb2 Rfd8 22.Qc2 Rxd1+
23.Rxd1 Qe6 24.Nc4 h6 25.h3 Bd5 26.Bc1 Bb7 27.Bb2 Ne8 28.e3 Rd8 29.Rxd8 Bxd8
30.Nd2 f5 31.Qxc5 Bb6 32.Qc3 Nf6 33.Bf1 Kh7 34.Nc4 Bd8 35.Qd4 Bb6 36.Nxb6 axb6
37.Qe5 Qxe5 38.Bxe5 Nd7 39.Bd4 Bc6 40.a4 g5 41.Bc4 Kg6 42.Kf1 h5 43.h4 gxh4
44.gxh4 f4 45.exf4 Kf5 46.Be2 Nc5 47.Bxc5 bxc5 48.a5 Kxf4 49.a6 e3 50.Bxh5 Bd5
51.a7 c4 52.bxc4 Bxc4+ 53.Be2  1-0

[Event "Berliner Sommer"]
[Site "Berlin"]
[Date "1992.??.??"]
[Round "?"]
[White "Thinius, Marco"]
[Black "Lerner, Konstantin Z"]
[Result "0-1"]
[WhiteElo "2330"]
[BlackElo "2530"]

1.d4 Nf6 2.c4 e6 3.Nf3 b6 4.g3 Ba6 5.b3 Bb4+ 6.Bd2 Be7 7.Bg2 c6 8.Bc3 d5
9.Ne5 Nfd7 10.Nxd7 Nxd7 11.Nd2 O-O 12.O-O Re8 13.e4 b5 14.Re1 bxc4 15.bxc4 dxc4
16.Qa4 Bb5 17.Qc2 e5 18.a4 Ba6 19.Rad1 Qc7 20.Qa2 exd4 21.Bxd4 Ne5 22.Qa1 f6
23.Bf1 Bb4 24.Qa2 Qf7 25.Re3 Red8 26.Qa1 Qd7 27.Bc3 Bc5 28.Ree1 Nd3 29.Bxd3 cxd3
30.Nb3 Be7 31.Nd4 Bc4 32.Nf5 Bc5 33.Qc1 Be6 34.Qf4 Bxf5 35.exf5 Qd5 36.Rb1 Rd7
37.Re4 Bd6 38.Qg4 h5 39.Qh4 Qxf5 40.Rbe1 Be5 41.Bd2 c5 42.g4 hxg4  0-1